<?xml version="1.0" encoding="UTF-8"?>
<collection xmlns:xsi="http://www.w3.org/2001/XMLSchema-instance" xsi:schemaLocation="http://www.loc.gov/MARC21/slim http://www.loc.gov/standards/marcxml/schema/MARC21slim.xsd" xmlns="http://www.loc.gov/MARC21/slim">
 <record>
  <leader>00000cam a22000004a 4500</leader>
  <controlfield tag="001">UP-1685675941123820239</controlfield>
  <controlfield tag="003">Buklod</controlfield>
  <controlfield tag="005">20080303172242.0</controlfield>
  <controlfield tag="006">aa    rb   |||1 u|</controlfield>
  <controlfield tag="007">ta</controlfield>
  <controlfield tag="008">080808s1998    xx      r    |||| u|eng d</controlfield>
  <datafield tag="020" ind1=" " ind2=" ">
   <subfield code="a">9719150068</subfield>
  </datafield>
  <datafield tag="035" ind1=" " ind2=" ">
   <subfield code="a">(iLib)UPTAC-00001173639</subfield>
  </datafield>
  <datafield tag="040" ind1=" " ind2=" ">
   <subfield code="a">UPVTC</subfield>
  </datafield>
  <datafield tag="041" ind1=" " ind2=" ">
   <subfield code="a">eng</subfield>
  </datafield>
  <datafield tag="090" ind1=" " ind2=" ">
   <subfield code="a">PS 9992</subfield>
   <subfield code="b">F4 1998</subfield>
  </datafield>
  <datafield tag="245" ind1="1" ind2="0">
   <subfield code="a">Fern garden</subfield>
   <subfield code="b">anthology of women writing in the South</subfield>
   <subfield code="c">edited by Merlie M. Alunan.</subfield>
  </datafield>
  <datafield tag="264" ind1=" " ind2="1">
   <subfield code="a">Manila</subfield>
   <subfield code="b">Committee on Literature, National Commission on Culture and the Arts</subfield>
   <subfield code="c">1998.</subfield>
  </datafield>
  <datafield tag="300" ind1=" " ind2=" ">
   <subfield code="a">xi, 321 p.</subfield>
  </datafield>
  <datafield tag="505" ind1="0" ind2=" ">
   <subfield code="a">Table of Contents: Acknowledgment. Editor's Note.  STORIES: Manong Dyoso / Erlinda K. Alburo --  The first rain / Annabelle Tan-Amor --  Bear's claw / Ligaya Barcenas -- Ang buwan ug ang buktot / Perla Blanca -- The Dead Boy. The Virgin's Last Night / Cecilia Manguerra Brainard -- The departure. The return / Erma M. Cuizon -- The woman who had a star / Ruby T. Enario -- The man and the voice. Little world / Lilia N. Lopez-Chua -- Adula. A Window in The War / Aida Rivera-Ford -- Tulokbon / Alice Tan Gonzalez -- Sometime, somewhere / Rosario P. Isiderio -- Billy Joe / Fanny H. B. Llego -- Rabbit, grandpa, and littletree / Mitzi Lungay -- Homecoming / Margarita Marfori -- Ang asawa niyang magsusulat / Beatriz Palero -- Grandmother bids me goodbye / Christine Godinez Ortega -- The Wake / Fe N. Reyes. --  Poems: Padulong sa baybayon. Patay na tuod si Maria Clara. Bakuko, balas, ug ulahipan / Erlinda K. Alburo -- Kun unsaon pagdakop ang bulalakaw. Ang misay kun mangagalon. Ang tulay sa Dawis. On a lost ship to Erehwon (or the poets' fate) / Merlie M. Alunan -- Street child. Child's fall. Legacy. Happy hour / Becky N. Alviola -- Hot showers / Annabelle. T. Amor -- Womenspeak. Mandoliman Marancing. To Vincent who complained of chest pain / Eva S.E. Aranas -- Pilipinas pagkabulahan ikaw / Pafuncia Borja -- The dreaming of Eistlin / Dindin Cañete -- Street witch. The oxymorons of anger. Tontoy Tudlok / Dulce Cuna-Anacion -- Sleep. For my daughter on her first birthday. Spirit. The harpist / Ma. Milagros T. Dumdum -- Alang kang Nana Salvacion, edad 69. Of birds and women in Kamagong Street. Talking to William's mother / Ruby T. Enario -- Is it the kingfisher? The Canadian border / Marjorie M. Evasco -- Sonnet to a vacant sleep. Demon-lover / Ma. Zenaida B. French -- Motugway siya ug kanding / Marvi Gil -- Hayahay nakon / Magdalena G. Jalandoni -- Dakpa ang kilumkilum / Ester M. Jundis -- Awakening. He buses to Argao. A day at the newsroom / Pura L. Kintanar -- The collective order. Within bounds. The look / Clarita Kwan -- Katalona. Katipunera. Water bearer / Elsa Martinez Coscolluela -- Maidservant. Matchboxes. Meat cuts. Splinters / Maria Cristina Martinez-Juan -- A medium-rare encounter. Paper dolls. Lupa kag baybay sa pinggan. Pabay-i ang bulan / Maria Milagros G. Lachica -- Poem by a child who ate worms. Waking / Lilia. N. Lopez-Chua -- Arachne remembered / Nelia Heloise Lungay -- Higala / Marianita Mangubat -- Mga kabog / Luz De Mañana -- Epistles for Ophie, Friend. Sundial / Rhoda R. Montes-Cebricus -- Letters crazy. The goose lady / Christine Godinez-Ortega -- You the emptiness I cupped / Leolyn Panes-Jugador -- Cigarette. T'boli. Rematado sale. Bisperas sa bagyo / Jocelyn Pinzon -- Salapi / Salud Quiña -- Madyik. Palihug / Fe Echavia Remotigue -- Memorandum to a daughter. Pruning. Bougainvillea. Hymn. Offering / Fe N. Reyes -- Tingligbos! / Lucia Segarra -- Bisan lugod may kinabuhi / Rowena Seloterio -- Harbor home. Passing through / Myrna Peña-Reyes Sweet -- An overused dress. Delicate times. Just another case / Ma. Paloma Sandiego -- At weddings and wakes. Seventeen. The game / Leahlizbeth Angbetic Sia -- Tambag kang Bertang pakyas sa gugma ug uban pa. Tibalas / Leticia U. Suarez -- Kumusta ka, christine? Sentensya / Alice Tan Gonzales -- The rug. Mother Chang / Marlinda Angbetic Tan -- Ang asawa sa mangingisda. Ang banga. Nanalingsing ang ulan. Handulamay, bayokawi, sambulawan / Ester Tapia -- Holding the mainland. Mining resources / Edith L. Tiempo -- Asylum flowers. Mountain baptismal. The seeress / Rowena Tiempo-Torrevillas -- Across the moon / Michelle Varron -- Taligsik, ting-init. Sakay sa jeepney pauli sa amo. A not-so-kabuki story / Catherine Viado -- Notes. The Writers.</subfield>
  </datafield>
  <datafield tag="541" ind1=" " ind2=" ">
   <subfield code="a">Prof. Merlie Alunan</subfield>
   <subfield code="c">Gift</subfield>
   <subfield code="d">December 18, 1998</subfield>
   <subfield code="o">copy</subfield>
  </datafield>
  <datafield tag="650" ind1=" " ind2="0">
   <subfield code="a">Philippine literature</subfield>
   <subfield code="x">Women authors.</subfield>
  </datafield>
  <datafield tag="650" ind1=" " ind2="0">
   <subfield code="a">Philippine literature</subfield>
   <subfield code="x">Women authors</subfield>
   <subfield code="x">Translations into English.</subfield>
  </datafield>
  <datafield tag="650" ind1=" " ind2="0">
   <subfield code="a">Short stories, Philippine.</subfield>
  </datafield>
  <datafield tag="650" ind1=" " ind2="0">
   <subfield code="a">Philippine poetry.</subfield>
  </datafield>
  <datafield tag="710" ind1="2" ind2=" ">
   <subfield code="a">Alunan, Merlie M.</subfield>
  </datafield>
  <datafield tag="856" ind1="4" ind2="1">
   <subfield code="3">Table of contents only</subfield>
   <subfield code="u">https://drive.google.com/file/d/1K1MxkrUjzIdGVNWemqvsvwfsvYLBOmL0/view?usp=drivesdk</subfield>
  </datafield>
  <datafield tag="905" ind1=" " ind2=" ">
   <subfield code="a">FI</subfield>
  </datafield>
  <datafield tag="852" ind1="0" ind2=" ">
   <subfield code="a">UPTAC</subfield>
   <subfield code="b">UPTAC</subfield>
   <subfield code="h">PS 9992</subfield>
   <subfield code="i">F4 1998</subfield>
  </datafield>
  <datafield tag="942" ind1=" " ind2=" ">
   <subfield code="a">Book</subfield>
  </datafield>
 </record>
</collection>
